Verfolgen Sie die Küste Amerikas mit einer Karte - Statistiken

Allgemein
  • Dieses Quiz wurde 319 mal gespielt
  • Das Durchschnittsergebnis liegt bei 26 aus 33
Antworten auf der Karte
Die Antworten werden auf der Karte rot bzw. grün angezeigt, abhängig davon wie oft sie richtig erraten wurden.
 
Antwortstatistiken
Land % Korrekt
Kanada
100%
Vereinigte Staaten (Alaska)
100%
Mexiko
91%
Kanada
90%
Vereinigte Staaten (Point Roberts)
90%
Kanada (Tsawwassen peninsula)
89%
Vereinigte Staaten
89%
Argentinien
82%
Chile
82%
Guatemala
82%
Panama
81%
Uruguay
81%
Brasilien
80%
Kolumbien
80%
Peru
80%
Ecuador
79%
Honduras
78%
Nicaragua
78%
El Salvador
77%
Costa Rica
75%
Frankreich (French Guiana)
75%
Guyana
74%
Suriname
74%
Venezuela
74%
Kolumbien
72%
Panama
71%
Costa Rica
68%
Nicaragua
68%
Honduras
67%
Mexiko
66%
Vereinigte Staaten
66%
Guatemala
61%
Belize
60%
Keine übereinstimmenden Quizze gefunden
Verteilung der Resultate
Anzahl Personen mit jedem Resultat
Perzentil nach korrekt beantworteten Fragen
Ihre Resultats-Entwicklung
Sie haben dieses Quiz noch nicht gespielt